| 000 | 00653nam a2200253Ia 4500 | ||
|---|---|---|---|
| 008 | 170203s9999 xx 000 0 und d | ||
| 020 | _a8188370746 | ||
| 050 | _a550 | ||
| 050 | _bC779 | ||
| 100 | _aCoote, Roger. | ||
| 245 | 4 | _aThe Earth / | |
| 245 | _cRoger Coote. | ||
| 260 | _aNew Delhi : | ||
| 260 | _bYoung Learner Publication. | ||
| 300 | _a32 pages : | ||
| 300 | _billustrations (some color) ; | ||
| 300 | _c29 cm. | ||
| 300 | _e1 CD-ROM. | ||
| 440 | _aKnowledge masters. | ||
| 500 | _aIncludes index; Internet linked--cover, | ||
| 650 | _aEarth (Planet) | ||
| 650 | _aEarth (Planet) -- | ||
| 650 | _xJuvenile literature. | ||
| 999 |
_c305739 _d305739 |
||